Michigan State Head Football Coaches by Picture - Statistics

General Stats
  • This quiz has been taken 18 times
  • The average score is 7 of 26
Answer Stats
Picture Hint Answer % Correct
2007-2019 Mark Dantonio
100%
2020-2023 Mel Tucker
100%
2003-2006 John L. Smith
94%
2024-Present Jonathan Smith
94%
1995-1999 Nick Saban
88%
2023 Harlon Barnett
56%
1954-1972 Duffy Daugherty
44%
2000-2002 Bobby Williams
38%
1983-1994 George Perles
38%
1947-1953 Clarence Munn
25%
1980-1982 Muddy Waters
19%
1973-1975 Denny Stolz
13%
1911-1915 John Macklin
13%
1976-1979 Darryl Rogers
6%
2002 Morris Watts
6%
1921-1922 Albert Barron
0%
1899-1900 Charles Bemies
0%
1933-1942 | 1944-1946 Charlie Bachman
0%
1903-1910 | 1917 | 1919 Chester Brewer
0%
1920 George Clark
0%
1901-1902 George Denman
0%
1918 George Gauthier
0%
1928 Harry Kipke
0%
1897-1898 Henry Keep
0%
1929-1932 Jim Crowley
0%
1923-1927 Ralph H. Young
0%
No matching quizzes found
Score Distribution
Percent of People with Each Score
Percentile by Number Answered
Your Score History
You have not taken this quiz